| 000 | 00727 a2200217 4500 | ||
|---|---|---|---|
| 999 |
_c674 _d674 |
||
| 020 | _a0192614452 (pbk.) : | ||
| 050 | 0 | 0 | _aRA441.5 PRA 1983 |
| 100 | _aMorley, D editor | ||
| 245 | 0 | 0 |
_aPractising health for all / _cedited by David Morley, Jon E. Rohde, Glen Williams. |
| 264 |
_aOxford _bOxford University Press _c1983 |
||
| 300 |
_axiv, 333 p. : _bill. ; |
||
| 440 | 0 | _aOxford medical publications | |
| 500 | _aHealth | ||
| 504 | _aIncludes bibliographies and index. | ||
| 650 | 0 |
_aCommunity health services _xCase studies. |
|
| 650 | 0 |
_aCommunity health services _xCase studies. |
|
| 700 | 1 |
_aMorley, David, _d1923-2009. |
|
| 700 | 1 | _aRohde, Jon E. | |
| 700 | 1 |
_aWilliams, Glen, _d1944- |
|
| 942 |
_2lcc _cBK _h441.5 _iPRA _kRA |
||